|
|
|
|
| LEADER |
01262nam a2200289 a 4500 |
| 001 |
13017899 |
| 008 |
110313s2003 nyua b 001 0 eng d |
| 010 |
|
|
|a 2002044523
|
| 020 |
|
|
|a 0387001638 (softcover : alk. paper)
|
| 040 |
|
|
|a DLC
|c DLC
|d DLC
|d BD-DhAAL
|
| 042 |
|
|
|a pcc
|
| 050 |
0 |
0 |
|a QA76.6
|b .S598 2003
|
| 082 |
0 |
0 |
|a 005.1
|2 21
|
| 100 |
1 |
|
|a Skiena, Steven S.
|
| 245 |
1 |
0 |
|a Programming challenges :
|b the programming contest training manual /
|c Steven S. Skiena, Miguel A. Revilla.
|
| 260 |
|
|
|a New York :
|b Springer,
|c c2003.
|
| 300 |
|
|
|a xix, 359 p. :
|b ill. ;
|c 24 cm.
|
| 490 |
0 |
|
|a Texts in computer science
|
| 504 |
|
|
|a Includes bibliographical references (p. [350]-352) and index.
|
| 541 |
1 |
|
|e 00022024
|
| 650 |
|
0 |
|a Computer programming.
|
| 700 |
1 |
|
|a Revilla, Miguel A.
|
| 852 |
|
|
|a Ayesha Abed Library
|c General Shelf.
|
| 942 |
0 |
0 |
|0 2
|
| 999 |
|
|
|c 10527
|d 10527
|
| 952 |
|
|
|0 0
|1 0
|2 ddc
|4 0
|6 005_100000000000000_SKI
|7 0
|9 14651
|a BRACUL
|b BRACUL
|c GEN
|d 2011-03-14
|e TRIM EDUCATION
|g 4750.00
|l 25
|m 215
|o 005.1 SKI
|p 3010022024
|r 2026-01-18
|s 2025-06-01
|t 1
|w 2011-03-14
|y BK
|
| 952 |
|
|
|0 0
|1 0
|2 ddc
|4 0
|6 005_100000000000000_SKI
|7 0
|9 14652
|a BRACUL
|b BRACUL
|c GEN
|d 2011-03-14
|e TRIM EDUCATION
|g 4750.00
|l 24
|m 238
|o 005.1 SKI
|p 3010022025
|r 2026-03-08
|s 2025-12-21
|t 2
|w 2011-03-14
|y BK
|